Le top 5 du Trophée Kopa par année - Statistiques

Statistiques générales
  • Ce quiz a été pris 92 fois
    3 depuis la dernière actualisation
  • Le résultat moyen est 12 sur 26
Statistiques - réponses
Année 1ER % Correct
Désiré Doué
100%
Gavi
100%
João Neves
100%
2024 Kylian Mbappé
100%
Lamine Yamal
100%
2019 Matthijs De Ligt
100%
Nuno Mendes
100%
Pedri
100%
Arda Güler
50%
Eduardo Camavinga
50%
2020 Gianluigi Donnarumma
50%
João Félix
50%
Kenan Yıldız
50%
Kobbie Mainoo
50%
Pau Cubarsi
50%
Andriy Lunin
0%
2023 Christian Pulisic
0%
Estêvão
0%
2018 Jadon Sancho
0%
Jamal Musiala
0%
Jude Bellingham
0%
2022 Justin Kluivert
0%
Mason Greenwood
0%
2021 Rodrygo
0%
Savinho
0%
Vinicius Jr.
0%
Aucun quiz correspondant
Distribution des résultats
% des personnes avec chaque résultat
Percentile par nombre de réponses
Votre historique - résultats
Vous n’avez pas pris ce quiz depuis la dernière actualisation